[Event "Senigallia op 5th"]
[Site "Senigallia"]
[Date "2010.08.08"]
[Round "7"]
[White "Frontini, Fabio"]
[Black "Turazza, Andrea"]
[Result "1/2-1/2"]
[WhiteElo "1956"]
[BlackElo "1857"]
[PlyCount "65"]
[EventDate "2010.08.02"]
[EventType "swiss"]
[EventRounds "7"]
[EventCountry "ITA"]
[SourceTitle "CBM 137 Extra"]
[Source "ChessBase"]
[SourceDate "2010.09.01"]
[SourceVersion "1"]
[SourceVersionDate "2010.09.01"]
[SourceQuality "1"]

1. e4 c5 2. c3 d5 3. exd5 Qxd5 4. d4 Nc6 5. Nf3 Bg4 6. Be2 cxd4 7. cxd4 e6 8. 0-0 Nf6 9. Nc3 Qa5 10. a3 Be7 11. Be3 Nd5 12. Rc1 0-0 13. Ne4 Nxe3 14. fxe3 Qd5 15. Nf2 Bh5 16. Nd3 Rac8 17. Nf4 Qf5 18. Bd3 Bxf3 19. Rxf3 Qf6 20. Nh5 Qh6 21. Rh3 Bg5 22. Bxh7+ Kxh7 23. Nf4 Qxh3 24. gxh3 Kg8 25. Ng2 Rfd8 26. Qg4 Bh6 27. Nf4 Ne7 28. Re1 Nf5 29. d5 Bxf4 30. Qxf4 Rxd5 31. e4 Rd4 32. Qf2 Rcc4 33. b3 1/2-1/2

[Event "Senigallia op 5th"]
[Site "Senigallia"]
[Date "2010.08.05"]
[Round "4"]
[White "Turazza, Andrea"]
[Black "Rebeggiani, Luca"]
[Result "0-1"]
[WhiteElo "1857"]
[BlackElo "2035"]
[PlyCount "44"]
[EventDate "2010.08.02"]
[EventType "swiss"]
[EventRounds "7"]
[EventCountry "ITA"]
[SourceTitle "CBM 137 Extra"]
[Source "ChessBase"]
[SourceDate "2010.09.01"]
[SourceVersion "1"]
[SourceVersionDate "2010.09.01"]
[SourceQuality "1"]

1. Nf3 Nf6 2. b3 g6 3. Bb2 Bg7 4. d4 d5 5. Nbd2 Nbd7 6. e3 0-0 7. Bd3 Re8 8. c4 e5 9. dxe5 Ng4 10. Bc2 Ndxe5 11. Nxe5 Nxe5 12. 0-0 dxc4 13. bxc4 Be6 14. Qe2 Qh4 15. Bb3 a5 16. c5 Bd7 17. Bd5 c6 18. Nf3 Qh5 19. Bb3 Nxf3+ 20. gxf3 Bh3 21. Kh1 Bxb2 22. Rad1 Bxf1 0-1

[Event "Senigallia op 5th"]
[Site "Senigallia"]
[Date "2010.08.02"]
[Round "1"]
[White "Turazza, Andrea"]
[Black "Altini, Nicola"]
[Result "0-1"]
[WhiteElo "1857"]
[BlackElo "2104"]
[PlyCount "228"]
[EventDate "2010.08.02"]
[EventType "swiss"]
[EventRounds "7"]
[EventCountry "ITA"]
[SourceTitle "CBM 137 Extra"]
[Source "ChessBase"]
[SourceDate "2010.09.01"]
[SourceVersion "1"]
[SourceVersionDate "2010.09.01"]
[SourceQuality "1"]

1. Nf3 d5 2. b3 Bf5 3. Bb2 Nf6 4. e3 e6 5. Be2 Bd6 6. Ne5 Nbd7 7. f4 Bxe5 8. fxe5 Ne4 9. 0-0 Qg5 10. Bf3 Bg6 11. Qe1 Nxe5 12. d3 Nd6 13. h4 Nxf3+ 14. Rxf3 Qh5 15. Rf4 f6 16. g4 Qh6 17. Qg3 e5 18. Rf2 Bf7 19. Nd2 Be6 20. Kg2 Qg6 21. g5 Nf5 22. Qh3 fxg5 23. h5 g4 24. hxg6 gxh3+ 25. Kh1 hxg6 26. Bxe5 0-0-0 27. Rg1 Nxe3 28. Rxg6 Ng4 29. Re2 Nxe5 30. Rxe5 Bd7 31. Rxg7 Rde8 32. d4 Rxe5 33. dxe5 Bf5 34. c3 Rf8 35. Kh2 Be6 36. Kg3 Rh8 37. Nf3 h2 38. Nxh2 Rh3+ 39. Kg2 Rxc3 40. Re7 Bf5 41. Rf7 Be4+ 42. Kf2 Rc2+ 43. Kg3 Rg2+ 44. Kh3 Rg6 45. Ng4 Re6 46. Kg3 Kd8 47. Kf4 Bg6 48. Rg7 Bb1 49. Nf6 d4 50. a3 d3 51. Kf5 Re8 52. Rd7+ Kc8 53. e6 Rh8 54. e7 Bc2 55. Ke5 Re8 56. Kf4 b6 57. b4 Ba4 58. Rxd3 Rxe7 59. Re3 Rf7 60. Ke5 Kb7 61. Nd5 Rh7 62. Kd4 Bc6 63. Nc3 Rh1 64. Kc4 Bg2 65. Re7 Kc6 66. Re6+ Kd7 67. Rg6 Bh3 68. Rg7+ Kc8 69. Kd4 Bd7 70. Kc4 Be6+ 71. Kd4 a6 72. Rg3 Kb7 73. Re3 Bg8 74. Ne2 Ra1 75. Rg3 Be6 76. Rc3 Bf7 77. Nf4 Kc8 78. Ke5 Kd7 79. Kd4 Kd6 80. Ke4 c5 81. bxc5+ bxc5 82. Kd3 c4+ 83. Kd2 Kc5 84. Nd3+ Kd4 85. Nc1 Bg6 86. Ne2+ Kc5 87. Nc1 Rb1 88. Ne2 Rb2+ 89. Ke3 Bf7 90. Nf4 Kb5 91. Kd4 Rd2+ 92. Ke3 Rh2 93. Kd4 Rd2+ 94. Ke3 Rd8 95. Ke2 Rd4 96. Ke3 Rd8 97. Ke2 Kc5 98. Ke3 Re8+ 99. Kd2 Kd4 100. Rf3 Bg8 101. Ne2+ Kc5 102. Rf5+ Kb6 103. Nd4 Re4 104. Kc3 Re3+ 105. Kb4 Rd3 106. Rf6+ Kb7 107. Rf4 c3 108. Nc2 a5+ 109. Kxa5 Rd2 110. Kb4 Rxc2 111. Rf3 Rb2+ 112. Kc5 c2 113. Rc3 Rb6 114. Kd4 Rc6 0-1

[Event "Basso Veronese-B 2nd"]
[Site "Casaleone"]
[Date "2009.11.14"]
[Round "4"]
[White "Turazza, Andrea"]
[Black "Jimchi, Abdelaziz"]
[Result "1-0"]
[WhiteElo "1822"]
[BlackElo "1918"]
[PlyCount "83"]
[EventDate "2009.11.07"]
[EventType "swiss"]
[EventRounds "6"]
[EventCountry "ITA"]
[SourceTitle "EXT 2015"]
[Source "ChessBase"]
[SourceDate "2014.11.20"]
[SourceVersion "1"]
[SourceVersionDate "2014.11.20"]
[SourceQuality "1"]

1. Nf3 Nf6 2. d4 c5 3. c3 b6 4. e3 Bb7 5. Nbd2 g6 6. Bd3 Bg7 7. 0-0 0-0 8. Qe2 d6 9. Re1 Nbd7 10. e4 e5 11. dxe5 dxe5 12. Nc4 Qc7 13. a4 Rfe8 14. Rd1 h6 15. Bc2 Bf8 16. Ne1 a6 17. f3 b5 18. Na3 Qc6 19. Be3 c4 20. Qd2 g5 21. b4 cxb3 22. Bxb3 Rac8 23. Qa2 Re7 24. axb5 axb5 25. c4 bxc4 26. Nxc4 Nc5 27. Rd6 Qb5 28. Rb6 Qd7 29. Bxc5 Rxc5 30. Rxf6 Qd4+ 31. Kh1 Rec7 32. Rd1 Qc3 33. Nd6 Bxd6 34. Bxf7+ Kg7 35. Rg6+ Kh7 36. Rgxd6 Bc8 37. Be6 Qe3 38. Bxc8 Rc1 39. Bf5+ Kg7 40. Rg6+ Kf8 41. Rg8+ Ke7 42. Qe6# 1-0

[Event "Basso Veronese op 1st"]
[Site "Casaleone"]
[Date "2008.11.23"]
[Round "5"]
[White "Turazza, Andrea"]
[Black "Bonini, Roberto"]
[Result "0-1"]
[WhiteElo "1659"]
[BlackElo "1843"]
[PlyCount "116"]
[EventDate "2008.11.15"]
[EventType "swiss"]
[EventRounds "6"]
[EventCountry "ITA"]
[SourceTitle "EXT 2011"]
[Source "ChessBase"]
[SourceDate "2010.11.26"]
[SourceVersion "1"]
[SourceVersionDate "2010.11.26"]
[SourceQuality "1"]

1. Nf3 d5 2. b3 Nf6 3. Bb2 Bf5 4. e3 h6 5. d4 e6 6. a3 Nbd7 7. Be2 Be7 8. Ne5 0-0 9. Nd2 c5 10. 0-0 cxd4 11. exd4 Rc8 12. Bd3 Bxd3 13. Nxd3 Qc7 14. Rc1 Bd6 15. h3 Qb8 16. Re1 Rfe8 17. Ne5 Rc7 18. Ndf3 Ne4 19. Nxd7 Rxd7 20. Ne5 Rc7 21. Qg4 Qd8 22. f4 f5 23. Qh5 Qe7 24. Kh2 Rec8 25. Re2 Bxa3 26. c4 Bd6 27. c5 Bxe5 28. fxe5 Qg5 29. Qf3 b6 30. b4 h5 31. Ra1 h4 32. Bc1 Qg3+ 33. Kg1 g5 34. Be3 Qxf3 35. gxf3 Ng3 36. Rea2 f4 37. Bf2 bxc5 38. bxc5 Ra8 39. Ra6 Kf7 40. Rb1 Nf5 41. c6 Ne7 42. Rb7 Rac8 43. Raxa7 Rxb7 44. cxb7 Rb8 45. Kf1 Nc6 46. Ra6 Nd8 47. Rd6 Ke7 48. Rb6 Rxb7 49. Rxb7+ Nxb7 50. Be1 Kd7 51. Ke2 Kc6 52. Bb4 Kd7 53. Bf8 Nd8 54. Kd3 Kc6 55. Be7 Nf7 56. Kc3 Kd7 57. Bc5 Nh6 58. Kb4 g4 0-1

[Event "Basso Veronese op 1st"]
[Site "Casaleone"]
[Date "2008.11.22"]
[Round "4"]
[White "De Grandi, Samuele"]
[Black "Turazza, Andrea"]
[Result "0-1"]
[WhiteElo "1440"]
[BlackElo "1659"]
[PlyCount "54"]
[EventDate "2008.11.15"]
[EventType "swiss"]
[EventRounds "6"]
[EventCountry "ITA"]
[SourceTitle "EXT 2011"]
[Source "ChessBase"]
[SourceDate "2010.11.26"]
[SourceVersion "1"]
[SourceVersionDate "2010.11.26"]
[SourceQuality "1"]

1. c4 f5 2. Nc3 Nf6 3. g3 e6 4. e3 d5 5. cxd5 exd5 6. Bg2 c6 7. Nge2 Bd6 8. 0-0 0-0 9. d3 Bc7 10. Qc2 Be6 11. Bd2 Nbd7 12. Nd4 Qe7 13. Nxe6 Qxe6 14. Ne2 c5 15. Nf4 Bxf4 16. exf4 Rac8 17. Rfe1 Qd6 18. a3 b5 19. Rac1 Rfe8 20. Rxe8+ Rxe8 21. Re1 Rxe1+ 22. Bxe1 c4 23. h3 Qe6 24. Bc3 Ne8 25. Qd2 Nc7 26. Qe1 Qxe1+ 27. Bxe1 Nc5 0-1